| 000 | 01281nam0a2200289 i 4500 | ||
|---|---|---|---|
| 001 | RU\NLR\BIBL_A\011251505 | ||
| 005 | 20240921205140.0 | ||
| 010 |
_a9785997338831 _9100 |
||
| 021 |
_aRU _b2016-77026 _95012 |
||
| 035 | _a(NLR Aleph) 011251505 | ||
| 090 |
_a12169657 _c12169657 |
||
| 100 | _a20161021d2016 k y0rusy50 ca | ||
| 101 | 0 | _arus | |
| 102 | _aRU | ||
| 105 | _aa z 001zy | ||
| 200 | 1 |
_aПрофессионально-пенитенциарная направленность личности курсантов (теория воспитания) _eмонография _fВ. В Кареев |
|
| 210 |
_aМосква _cСпутник+ _d2016 |
||
| 215 |
_a98 с. _cил. _d20 |
||
| 300 | _aНа обороте тит. л. авт.: к. п. н. В. В. Кареев | ||
| 320 | _aБиблиогр.: с. 80-97 (216 назв.) и в подстроч. примеч. | ||
| 606 | 1 |
_aУголовно-исполнительная система _xКадры _xВоспитательная работа _yРоссийская Федерация _92243025 _3RU\NLR\AUTH\661345818 |
|
| 686 | 1 | _aХ628.401 | |
| 700 | 1 |
_aКареев _bВ. В. _gВадим Викторович |
|
| 942 | _cBOOK | ||
| 980 | _aNBR | ||